000 01011nam a22002895a 4500
003 EG-ScBUE
005 20220421094610.0
008 160927s2010 ne f bd 00010 eeng d
020 _a9789027224361
040 _aEG-ScBUE
_beng
_erda
_cEG-ScBUE
_dEG-ScBUE
082 0 4 _222
_a418.02023
_bGOU
100 1 _aGouadec, Daniel,
_eauthor.
_941251
245 1 0 _aTranslation as a profession /
_cDaniel Gouadec, University of Rennes.
264 1 _aAmsterdam ;
_aPhiladelphia :
_bJohn Benjamins Publishing Company,
_c2010.
300 _axx, 409 pages ;
_c24 cm.
336 _2rdacontent
_atext
_btxt
337 _2rdamedia
_aunmediated
_bn
338 _2rdacarrier
_avolume
_bnc
490 0 _aBenjamins translation library., EST subseries ;
_vv. 73
500 _aIncludes glossary.
504 _aIncludes bibliographical references and index.
650 7 _aTranslating and interpreting.
_2BUEsh
_939247
651 _2BUEsh
653 _bHHUUEENN
_cSeptember2016
655 _vReading book
_934232
942 _2ddc
_cBB
999 _c22416
_d22388